| 000 | 00463nam a2200169 a 4500 | ||
|---|---|---|---|
| 020 | _a9782865376810 | ||
| 040 | _cDLC | ||
| 041 | 1 | _hfre | |
| 082 | 0 | 0 | _a338 DUF 1996 C324 Or. |
| 100 | 1 | _aDufumier, M. | |
| 245 | 1 | 4 | _aLas polĂticas agrarias / |
| 260 |
_aLES PROJETS DE : _bDepartamento de Desarrollo Agrario, Universidad Centroamericana, _c[1996?] |
||
| 300 |
_a57 p. ; _c28 cm. |
||
| 650 | 0 | _aAgriculture and state. | |
| 650 | 0 | _aAgriculture | |
| 942 | _cAEDBB | ||
| 999 |
_c22209 _d22209 |
||